01653cam a22003857a 4500003000500000005001700005008004100022010001000063011001000073035001000083040000900093090001000102100004800112245007500160260004000235300003300275502009200308590003700400590004100437590004100478590004100519590004200560650003700602650004100639650004800680901000700728942000900735949003500744949004000779949004000819999001700859952013200876952013201008952012701140CHAP20220329134032.0971013s1980 r 00010 d a14433 a15405 a19481 cCHAP aTesis00aGonzález Vázquez, Marco Antonio.949494 0aSistemas comutacional para predicción de riego en distritos de riego aChapingo, Méx. :bEl autor,c1980 a101 h.b: apénd. : gráfs aTesis (M.C. Esp. en Hidrociencias) -- Colegio de Postgraduados. Centro de Hidrociencias aALEPHb10c20130110lUCH01h1235 aBATCH-UPDb10c20130110lUCH01h1949 aBATCH-UPDb10c20130410lUCH01h1311 aBATCH-UPDb10c20130914lUCH01h1117 aCONVERSIONb10c20130109lUCH01h130914aCultivosxAgua requerida.93022414aDistritos de riegoxMéxico.93297814aIrrigaciónxModelos matemáticos.960431 aBK cFOLL bBCcTESd-45356eTS1i19481si bBCcTESd-45357eTS2fc.2i19481si bBCcTESd-45358eTS2fc.3i19481si c14433d14433 00102local4053708TESISaBCbBCcPA_TESISd2012-12-17fTESISl0oTesisp-45357r2019-12-31 00:00:00tc.2w2019-12-31yTESIS 00102local4053708TESISaBCbBCcPA_TESISd2012-12-17fTESISl0oTesisp-45358r2019-12-31 00:00:00tc.3w2019-12-31yTESIS 00102local4051718TESISaBCbBCcPA_TESISd2012-12-17fTESISl0oTesisp-45356r2019-12-31 00:00:00w2019-12-31yTESIS